|
|
|
|
| LEADER |
00000nam0a2200000 4500 |
| 001 |
302274 |
| 005 |
20231102001503.0 |
| 020 |
|
|
|a RU
|b 82-81236
|
| 035 |
|
|
|a (RuTPU)RU\TPU\book\327471
|
| 090 |
|
|
|a 302274
|
| 100 |
|
|
|a 20150820d1982 km y0rusy5003 ca
|
| 101 |
0 |
|
|a rus
|
| 102 |
|
|
|a RU
|
| 105 |
|
|
|a a z 000zy
|
| 200 |
1 |
|
|a Кодирование экономической информации в условиях ее обработки на ЭВМ
|f Л. М. Полковский, К. К. Пучинскас
|
| 210 |
|
|
|a Москва
|c Финансы и статистика
|d 1982
|
| 215 |
|
|
|a 168 с.
|c ил.
|
| 606 |
1 |
|
|a Сельскохозяйственные предприятия
|x Организация
|2 stltpush
|3 (RuTPU)RU\TPU\subj\54554
|9 72690
|
| 610 |
1 |
|
|a экономика
|
| 610 |
1 |
|
|a кодирование
|
| 610 |
1 |
|
|a математические методы
|
| 610 |
1 |
|
|a экономическая информатика
|
| 610 |
1 |
|
|a экономическая информация
|
| 610 |
1 |
|
|a обработка на ЭВМ
|
| 610 |
1 |
|
|a учетная информация
|
| 610 |
1 |
|
|a финансово-экономические методы
|
| 610 |
1 |
|
|a нормативная информация
|
| 675 |
|
|
|a 631.1
|z rus
|v 3
|
| 700 |
|
1 |
|a Полковский
|b Л. М.
|g Леонид Михайлович
|4 070
|
| 701 |
|
1 |
|a Пучинскас
|b К. К.
|g Казис Казио
|4 070
|
| 801 |
|
0 |
|a RU
|b RuMRKP
|c 19950704
|g psbo
|
| 801 |
|
1 |
|a RU
|b 63413507
|c 20150820
|
| 801 |
|
2 |
|a RU
|b 63413507
|c 20190627
|g RCR
|
| 942 |
|
|
|c BK
|